Zákon o dani z príjmov s komentárom

Zákon č. XXX/2003 Z.z. o dani z príjmov.

Saved in:
Bibliographic Details
Format: Book Chapter
Language:Slovak
Subjects:
Tags: Add Tag
No Tags, Be the first to tag this record!

MARC

LEADER 00000naa$a2200000$$$4500
001 0005145
005 20230919094453.7
041 0 |a slo 
044 |a SK 
245 1 0 |a Zákon o dani z príjmov s komentárom 
520 |a Zákon č. XXX/2003 Z.z. o dani z príjmov. 
610 2 0 |a dane z príjmov 
610 2 0 |a zákony 
610 2 0 |a novelizácia 
610 2 0 |a komentáre 
610 2 0 |a 2003